MARC

LEADER 00000nam0a2200000 4500
001 262888
005 20231101233708.0
010 |a 5020243760 
020 |a RU  |b 88-62354 
035 |a (RuTPU)RU\TPU\book\285872 
090 |a 262888 
100 |a 20140604d1988 k a0rusy5003 ca 
101 0 |a rus 
102 |a RU 
105 |a a z 001zy 
200 1 |a Петрология чарнокитоидов раннего докембрия  |f В. М. Шемякин  |g Академия наук СССР (АН СССР), Институт геологии и геохронологии докембрия (ИГГД) ; под ред. К. А. Шуркина 
210 |a Ленинград  |c Наука  |d 1988 
215 |a 230 с.  |c ил. 
320 |a Библиогр.: с. 222-231 (217 назв.) 
606 1 |a Чарнокиты  |2 stltpush  |3 (RuTPU)RU\TPU\subj\18528  |9 43938 
610 1 |a докембрий 
610 1 |a петрография 
610 1 |a петрология 
610 1 |a формации 
610 1 |a геохимия 
610 1 |a породообразующие минералы 
610 1 |a физико-химический анализ 
675 |a 552.321  |z rus 
700 1 |a Шемякин  |b В. М.  |g Владимир Михайлович  |4 070 
702 1 |a Шуркин  |b К. А.  |4 340 
712 0 2 |a Академия наук СССР (АН СССР)  |b Институт геологии и геохронологии докембрия (ИГГД)  |c (Ленинград)  |2 stltpush  |3 (RuTPU)RU\TPU\col\11390 
801 0 |a RU  |b RuMRKP  |c 19950417  |g psbo 
801 1 |a RU  |b 63413507  |c 20140604 
801 2 |a RU  |b 63413507  |c 20150217  |g RCR 
942 |c BK